header

The constitution of development (Record no. 189329)

MARC details
000 -LEADER
fixed length control field 01334nam a2200349Ia 4500
100 1# - MAIN ENTRY--AUTHOR NAME
Personal name Shivakumar, Sujai.
245 14 - TITLE STATEMENT
Title The constitution of development
250 ## - EDITION STATEMENT
Edition statement 1st ed.
260 ## - PUBLICATION, DISTRIBUTION, ETC. (IMPRINT)
Place of publication New York :
Name of publisher Palgrave Macmillan,
Year of publication 2005.
300 ## - PHYSICAL DESCRIPTION
Number of Pages xii, 180 p. :
Other physical details ill.
650 #0 - SUBJECT ADDED ENTRY--TOPICAL TERM
Topical Term Political science.
Topical Term State, The.
Topical Term Political development
Topical Term Economic development
856 40 - ELECTRONIC LOCATION AND ACCESS
Uniform Resource Identifier http://site.ebrary.com/lib/rucke/Doc?id=10135730

No items available.

© 2026 Rongo University
Contact us: librarian | system librarian | Rongo university